Psicoterapia escolar: la inadaptación escolar y social u sus remedios
Tallennettuna:
| Päätekijä: | |
|---|---|
| Aineistotyyppi: | Kirja |
| Kieli: | espanja |
| Julkaistu: |
Madrid
Morata
1962
|
| Sarja: | Filosofía - Psicologia - Pedagogía
|
| Aiheet: | |
| Tagit: |
Lisää tagi
Ei tageja, Lisää ensimmäinen tagi!
|
MARC
| LEADER | 00000nam a2200000 a 4500 | ||
|---|---|---|---|
| 001 | UCZ7126 | ||
| 003 | CL-VaPUC | ||
| 008 | 951222e19620000SP |||||||||||||||||spa|d | ||
| 082 | 0 | 4 | |a 371.93 |b MAU |2 21 |
| 100 | |a Mauco, Georges |e autor |9 351884 | ||
| 245 | 1 | 0 | |a Psicoterapia escolar: la inadaptación escolar y social u sus remedios |
| 300 | |a 326 p | ||
| 942 | |c BK | ||
| 945 | |d 19951222 00:00:00 |a cmena | ||
| 260 | |a Madrid |b Morata |c 1962 | ||
| 650 | 7 | |a INADAPTACION |2 CL-VaPUC |9 336027 | |
| 650 | 0 | |a Trastornos del comportamiento |9 311363 | |
| 650 | 0 | |a Adaptación social |9 336043 | |
| 650 | 0 | |a Problemas sociales |9 258537 | |
| 650 | 0 | |a Psicología educacional |9 307830 | |
| 650 | 0 | |a Psicoanálisis |9 265702 | |
| 650 | 0 | |a Rol del docente |9 329733 | |
| 650 | 7 | |a ROL DE LOS PADRES |2 CL-VaPUC |9 338980 | |
| 650 | 0 | |a Disciplina escolar |9 271077 | |
| 583 | |a last modification |c 19951222 00:00:00 |k Rodrigo Vera | ||
| 490 | 0 | |a Filosofía - Psicologia - Pedagogía | |
| 999 | |c 243249 |d 243247 | ||
| 952 | |0 0 |1 0 |4 0 |6 371_930000000000000_MAU_1962 |7 0 |8 P |9 256777 |a BIBEDU |b BIBEDU |c BIBEDU_PB |d 2019-11-19 |i 160922K |o 371.93 MAU 1962 |p 160922K |r 2024-01-25 |w 2019-11-19 |y BK |k EDU | ||